000 00937nam a22003137a 4500
001 0052221
003 KOHA_MİRAKIL
005 20260207003833.0
007 ta
008 150629b2015 tu |||gr||||#0|||1|tur |
020 _a9786055270575
040 _aTR-BiSEU
_btur
_cTR-BiSEU
_erda
041 0 _atur
044 _ctu
050 _aPE1114
_b.O98 2015
100 1 _aÖztürk, Cesur.
245 1 2 _aA systematic approach to YDS/
_cCesur Öztürk ; Cesur Öztürk.
250 _a5. Baskı
264 1 _aAnkara :
_bPelikan yayıncılık
_c2015
300 _aIX, 662 pages ;
_c25 cm.
336 _ametin
_btxt
_2rdacontent
337 _aaracısız
_bn
_2rdamedia
338 _acilt
_bnc
_2rdacarrier
650 0 _aKamu personeli--Türkiye--Sınavlar.
_91937
650 0 _aİngiliz dili--Sınavlar, sorular, vb.
_91936
650 0 _aEnglish language--Examinations, questions, etc.
_91934
907 _aDil
942 _2lcc
_cBK
999 _c52039
_d52039